| 000 | 00572nam a2200205Ia 4500 | ||
|---|---|---|---|
| 003 | GCL | ||
| 008 | 140319s9999 xx 000 0 eng d | ||
| 040 |
_aGCL / _cGCL |
||
| 082 | 0 | 4 |
_a519.5 _bW E |
| 100 | 1 | _aWONNACOTT, THOMAS | |
| 245 | 1 | 0 |
_aINTROCUTORY STATISTICS FOR BUSINESS AND ECONOMICS, 4th ed. / _cWONNACOTT, THOMAS |
| 700 | 1 | _aWONNACOTT, RONALD J. | |
| 260 |
_a[S.N] : _bJOHN WILEY AND SONS. INC |
||
| 300 | _a815 P | ||
| 650 | 0 | 4 | _aSTATISTICS |
| 650 | 0 | 4 | _aECONOMICS |
| 650 | 0 | 4 | _aSTATISTICAL METHODS |
| 650 | 0 | 4 | _aCOMMERCIAL STATISTICAL |
| 942 |
_2ddc _cBK |
||
| 999 |
_c11406 _d11406 |
||